Guanajuato perfil sociodemografico

Salvato in:
Dettagli Bibliografici
Natura: Libro
Lingua:spagnolo
Pubblicazione: Aguascalientes INEGI 1997
Soggetti:
Tags: Aggiungi Tag
Nessun Tag, puoi essere il primo ad aggiungerne!!

MARC

LEADER 00000nam a2200000 4500
001 c131038
005 20221124073453.7
020 |a 970-13-1638-X 
041 0 |a spa 
044 |a MX 
245 1 0 |a Guanajuato  |b perfil sociodemografico 
264 1 |a Aguascalientes  |b INEGI  |c 1997 
300 |a 87 s. 
610 2 0 |a demografia 
610 2 0 |a demografia sociálna